Normal view
MARC view
- Filiberto Juan Dios
Entry Personal Name
001 - CONTROL NUMBER
- control field: 6537
003 - CONTROL NUMBER IDENTIFIER
- control field: IT-RoPau
005 - DATE AND TIME OF LATEST TRANSACTION
- control field: 20131220152459.0
008 - FIXED-LENGTH DATA ELEMENTS
- fixed length control field: 131220|| aca||aabn | a|a d
040 ## - CATALOGING SOURCE
- Original cataloging agency: IT-RoPau
- Transcribing agency: IT-RoPau
100 ## - HEADING--PERSONAL NAME
- Personal name: Filiberto Juan Dios
- Dates associated with a name: Codice autore musica SPICS: 15731
- Relator term: Autore musica
- Name of part/section of a work: Caminito
670 ## - SOURCE DATA FOUND
- Source citation: Work cat.: (IT-RoPau)102369: AA.VV. 794, Autentico ballo liscio N.1 (L') - Lp Ox/3011